000 00299nam a22001337a 4500
008 181009b xxu||||| |||| 00| 0 eng d
020 _a9780316173643
041 _aeng
080 _a616.8
100 _a7
101 _aNEU
245 _aMedical Neurosciences
_cWestmoreland, B.F
942 _2udc
_cBK
999 _c49165
_d49165